Filles - Statistiques

Statistiques générales
  • Ce quiz a été pris 30 fois
  • Le résultat moyen est 2 sur 10
Statistiques - réponses
Réponse % Correct
7 Lea
75%
6 Camille
50%
4 Ines
20%
2 Cindy
10%
1 Kimberley
5%
10 leo
5%
9 Jennifer
0%
8 Morgane
0%
3 Philomène
0%
5 Stacy
0%
Aucun quiz correspondant
Distribution des résultats
% des personnes avec chaque résultat
Percentile par nombre de réponses
Votre historique - résultats
Vous n’avez pas pris ce quiz